| 000 | 01063nam2a22002771 4500 | ||
|---|---|---|---|
| 001 | RU\NLR\A1SV\50155 | ||
| 005 | 20251203152403.2 | ||
| 035 | _a(NLR Aleph) 009732167 | ||
| 090 |
_a9913611 _c9913611 |
||
| 100 | _a20040304d1928 u y0rusy50 ca | ||
| 101 | 0 | _arus | |
| 102 | _aRU | ||
| 105 | _ay z 000yy | ||
| 200 | 0 | _aТ.5 | |
| 210 | _d1928 (обл. 1929) | ||
| 215 | _a486 с., 1 л. портр. | ||
| 300 | _aНапеч. в Ленинграде | ||
| 461 | 1 |
_1001RU\NLR\A1SV\50150 _12000#$aУченые записки$fРос. ассоц. науч.-исслед. ин-тов обществ. наук. Ин-т истории$vТ.5 _99913590 _aИнститут истории (Москва) _cМ. _d1926-1929 _fРос. ассоц. науч.-исслед. ин-тов обществ. наук. Ин-т истории _nРАНИИОН _tУченые записки _vТ.5 |
|
| 801 | 0 |
_aRU _bNLR _c20040304 |
|
| 852 |
_aNLR _j26/145 |
||
| 852 |
_aNLR _jМф К-1/22178-5 |
||
| 852 |
_aNLR _j91-7/291-5 |
||
| 942 | _cBOOK | ||
| 980 | _aNB | ||
| 980 | _aA1SV | ||